[Event "FIRST SATURDAY FM-A JUNE 2013"]
[Site "Budapest"]
[Date "2013.06.09"]
[Round "9.2"]
[White "Juracsik, Jozsef"]
[Black "Montolio Benedicto, Cesar"]
[Result "1-0"]
[WhiteElo "2155"]
[BlackElo "1972"]
[PlyCount "67"]
[EventDate "2013.06.01"]

1. e4 e5 2. Nf3 Nc6 3. Bb5 a6 4. Ba4 Nf6 5. O-O Nxe4 6. d4 exd4 7. Re1 d5 8.
Nxd4 Bd6 9. Nxc6 Bxh2+ 10. Kh1 Qh4 11. Rxe4+ dxe4 12. Qd8+ Qxd8 13. Nxd8+ Kxd8
14. Kxh2 Be6 15. Be3 f5 16. Nc3 c6 17. Ne2 g6 18. Nd4 Bf7 19. b4 Kc7 20. Kg3
Rad8 21. Bb3 Bxb3 22. axb3 Rhe8 23. Kf4 Kc8 24. Rh1 Rd7 25. Kg5 Ree7 26. Ne2
Re8 27. Nc3 b5 28. Ne2 Kb7 29. Nf4 Ree7 30. Bc5 Re8 31. Kf6 Ra8 32. Ne6 a5 33.
bxa5 Rxa5 34. Bb4 1-0

[Event "FIRST SATURDAY FM-A JUNE 2013"]
[Site "Budapest"]
[Date "2013.06.09"]
[Round "9.3"]
[White "Jelic, Neven"]
[Black "Darazs, Zoltan"]
[Result "1/2-1/2"]
[WhiteElo "2091"]
[BlackElo "2142"]
[PlyCount "30"]
[EventDate "2013.06.01"]

1. d4 Nf6 2. Nf3 g6 3. g3 Bg7 4. Bg2 O-O 5. O-O d6 6. c4 Nc6 7. Nc3 a6 8. Bg5
h6 9. Bxf6 Bxf6 10. Qd2 Bg7 11. Rfd1 Rb8 12. Rac1 Bg4 13. h3 Bxf3 14. Bxf3 Qc8
15. Bg2 e5 1/2-1/2

[Event "FIRST SATURDAY FM-A JUNE 2013"]
[Site "Budapest"]
[Date "2013.06.09"]
[Round "9.4"]
[White "Mester, Attila"]
[Black "Rabovszky, Gyorgy"]
[Result "1-0"]
[WhiteElo "2075"]
[BlackElo "1913"]
[PlyCount "71"]
[EventDate "2013.06.01"]

1. e4 e5 2. Nf3 Nc6 3. Bc4 Nf6 4. Ng5 d5 5. exd5 Na5 6. Bb5+ c6 7. dxc6 bxc6 8.
Qf3 Qb6 9. Bd3 h6 10. Ne4 Be7 11. Nxf6+ Bxf6 12. O-O Be6 13. Nc3 O-O-O 14. Bf5
Nc4 15. Bxe6+ fxe6 16. d3 Nd6 17. Be3 Qc7 18. Qg4 Nf5 19. Qc4 Rd5 20. Bxa7 Kd7
21. Bc5 Rxc5 22. Qxc5 Nd4 23. Ne4 Be7 24. Qc4 Rf8 25. Rfe1 Qb6 26. Rab1 g5 27.
c3 Nf5 28. b4 Qb5 29. Nc5+ Bxc5 30. Qxc5 Nd6 31. Qxe5 Qxe5 32. Rxe5 Nb5 33. Rc5
Ra8 34. Rb2 Ra3 35. Rxb5 cxb5 36. Rc2 1-0

[Event "FIRST SATURDAY FM-A JUNE 2013"]
[Site "Budapest"]
[Date "2013.06.10"]
[Round "10.2"]
[White "Farkas, Richard"]
[Black "Hocevar, Nikola"]
[Result "1-0"]
[WhiteElo "2198"]
[BlackElo "2005"]
[PlyCount "47"]
[EventDate "2013.06.01"]

1. e4 c5 2. Nf3 b6 3. d4 cxd4 4. Nxd4 Bb7 5. Nc3 g6 6. Be3 Bg7 7. Qd2 Nf6 8. f3
a6 9. O-O-O Qc7 10. g4 O-O 11. h4 h5 12. gxh5 Nxh5 13. Rg1 Be5 14. Nde2 e6 15.
f4 Bf6 16. e5 Bxh4 17. Bg2 Nc6 18. Ne4 Na5 19. Nd6 Bxg2 20. Rxg2 Be7 21. Rh1
Ng7 22. Rgh2 Nh5 23. Nc3 Bxd6 24. Rxh5 1-0

[Event "FIRST SATURDAY FM-A JUNE 2013"]
[Site "Budapest"]
[Date "2013.06.10"]
[Round "10.5"]
[White "Montolio Benedicto, Cesar"]
[Black "Jelic, Neven"]
[Result "1/2-1/2"]
[WhiteElo "1972"]
[BlackElo "2091"]
[PlyCount "37"]
[EventDate "2013.06.01"]

1. e4 c6 2. d4 d5 3. Nc3 dxe4 4. Nxe4 Nf6 5. Nxf6+ exf6 6. c3 Bd6 7. Bd3 Be6 8.
Ne2 Qc7 9. Be3 Nd7 10. Qd2 Nb6 11. Nf4 Bc4 12. b3 Bxd3 13. Nxd3 Nd5 14. h3 O-O
15. O-O Rfe8 16. Rfe1 Re6 17. c4 Nxe3 18. Rxe3 Rae8 19. Rae1 1/2-1/2

[Event "FIRST SATURDAY FM-A JUNE 2013"]
[Site "Budapest"]
[Date "2013.06.11"]
[Round "11.3"]
[White "Mester, Attila"]
[Black "Montolio Benedicto, Cesar"]
[Result "1-0"]
[WhiteElo "2075"]
[BlackElo "1972"]
[PlyCount "147"]
[EventDate "2013.06.01"]

1. e4 e5 2. Nf3 Nc6 3. d4 exd4 4. Nxd4 Nf6 5. Bb5 Nxe4 6. O-O Be7 7. Re1 Nxd4
8. Qxd4 Nf6 9. Qh4 c6 10. Bd3 d5 11. Bg5 Be6 12. Nc3 h6 13. Rad1 Qd7 14. Bc1
Ne4 15. Qh5 Nxc3 16. bxc3 Bg4 17. Rxe7+ Kxe7 18. Qe5+ Kf8 19. Re1 Qe6 20. Ba3+
Kg8 21. h3 Qxe5 22. Rxe5 Be6 23. f4 Re8 24. Re1 Bd7 25. Rb1 b6 26. Bd6 g6 27.
Be5 Rh7 28. Kf2 f5 29. a3 Rhe7 30. Re1 Kf7 31. g3 c5 32. h4 Ba4 33. c4 Bc6 34.
h5 gxh5 35. cxd5 Bxd5 36. Bxf5 Bc4 37. Bh3 Be6 38. Bg2 Bf5 39. c3 Rd8 40. Bf3
Bg4 41. Bc6 Rd2+ 42. Ke3 Rd1 43. Rxd1 Bxd1 44. Ke4 Bb3 45. f5 Bc2+ 46. Kf4 Bd1
47. Bd5+ Ke8 48. f6 Rf7 49. Kf5 Bc2+ 50. Ke6 Bg6 51. Bf4 Rh7 52. Bc6+ Kd8 53.
Bd6 Bf7+ 54. Ke5 Bg6 55. a4 a5 56. Ke6 Bf7+ 57. Kf5 Kc8 58. Bf8 Rh8 59. Bg7 Rd8
60. Be4 Rd1 61. Bxh6 Ra1 62. Bc6 Ra3 63. Bd2 Ra2 64. Bf4 Rc2 65. Be5 Re2 66.
Bb5 Re3 67. c4 Kd8 68. Bf4 Rf3 69. Kg5 Rf1 70. Bd6 Re1 71. Bb8 Re6 72. Bf4 Kc8
73. Ba6+ Kd8 74. Bb7 1-0

[Event "FIRST SATURDAY FM-A JUNE 2013"]
[Site "Budapest"]
[Date "2013.06.11"]
[Round "11.6"]
[White "Reh, Philipp"]
[Black "Farkas, Richard"]
[Result "1/2-1/2"]
[WhiteElo "2068"]
[BlackElo "2198"]
[PlyCount "39"]
[EventDate "2013.06.01"]

1. d4 Nf6 2. Nf3 d5 3. c4 dxc4 4. e3 a6 5. Bxc4 e6 6. O-O Nbd7 7. Nc3 b5 8. Be2
Bb7 9. a4 b4 10. Na2 c5 11. Bd2 cxd4 12. exd4 Nd5 13. Qb3 Bd6 14. Nc1 h6 15.
Nd3 O-O 16. a5 Rb8 17. Nfe5 Nxe5 18. dxe5 Be7 19. Rfc1 Bg5 20. Qd1 1/2-1/2